| 000 | 00829nam a22003250a 4500 | ||
|---|---|---|---|
| 001 | PT31589 | ||
| 003 | AR-LpoUNG | ||
| 005 | 20210131225840.0 | ||
| 008 | 191001s1992||||ag |||||||||||||||||spa d | ||
| 020 |
_a9500411903 _c$30 |
||
| 040 |
_aAR-LpoUNG _bspa _cAR-LpoUNG _eaacr |
||
| 041 | _aspa | ||
| 044 | _aag | ||
| 082 | 0 | _a982.063 811eje | |
| 100 | 1 | _aFraga, Rosendo | |
| 245 | 1 | 3 |
_aEl ejército y Frondizi : _b1958 - 1962 |
| 250 | _a1§ edición | ||
| 260 |
_aBuenos Aires : _bEmecé, _c1992. |
||
| 300 |
_a313 p. : _bgráfs. |
||
| 650 | 4 | _aANALISIS HISTORICO | |
| 650 | 4 | _aARGENTINA | |
| 650 | 4 | _aDICTADURA | |
| 650 | 4 | _aFUERZAS ARMADAS | |
| 650 | 4 | _aGOBIERNO MILITAR | |
| 650 | 4 | _aHISTORIA | |
| 650 | 4 | _aHISTORIA POLITICA | |
| 650 | 4 | _aRELACIONES GOBIERNO FUERZAS ARMADAS | |
| 905 | _a31589 | ||
| 942 | _cLIB | ||
| 999 |
_c125 _d125 |
||